| 000 | 01721nam a22002297a 4500 | ||
|---|---|---|---|
| 999 |
_c62587 _d62587 |
||
| 003 | Ge_BSU | ||
| 005 | 20241212125702.0 | ||
| 008 | 241212s2024 ge ||||| |||| 00| 0 geo d | ||
| 020 | _a9789941345326 | ||
| 041 | _ageo | ||
| 080 | _a811.353.1'282 : 325.2(=353.1)(560) ფ-32 | ||
| 100 |
_aფაღავა, მამია _923956 |
||
| 245 |
_aქართული ენის ტაოური დიალექტი : _bგამოკვლევა, მასალები, ლექსიკონი / _cმამია ფაღავა, მერი ცინცაზე, მაია ბარამიძე; რედ. მამია ფაღავა; ბათუმის შოთა რუსთაველის სახელმწიფო უნივერსიტეტი, ჰუმანიტარულ მეცნიერებათა ფაკულტეტი. ქართველოლოგიის ცენტრი. |
||
| 264 |
_aთბილისი : _bმერიდიანი, _c2024. |
||
| 300 |
_a543 გვ. ; _b25 სმ. |
||
| 700 |
_aცინცაძე, მერი _eავტორი _91857 |
||
| 700 |
_aბარამიძე, მაია _eავტორი _93189 |
||
| 700 |
_aფაღავა, მამია _eრედაქტორი _923956 |
||
| 710 |
_aბათუმის სოთა რუსთაველის სახელმწიფო უნივერსიტეტი. _bჰუმანიტარულ მეცნიერებათა ფაკულტეტი. ქართველოლოგიის ცენტრი _923957 |
||
| 773 | _tნაჩუქარი | ||
| 942 |
_2udc _cBK |
||